| 000 | 00686nam a2200193Ia 4500 | ||
|---|---|---|---|
| 003 | IN-BaIIA | ||
| 008 | 211028s9999 xx 000 0 eng d | ||
| 040 | _cIIA Library | ||
| 080 |
_a083.7:69.003.12 _bISI |
||
| 110 | _aIndian Standards Institution | ||
| 245 | 0 |
_aIndian standard method of measurement of building and civil engineering work _bpt. 16, laying of water and sewer lines Including appurtenant items _cIndian Standards Institution |
|
| 260 |
_aNew Delhi _bIndian Standards Institution _c1970 |
||
| 300 | _a6p. | ||
| 500 | _aIS 1200 : Part 16 : 1969 | ||
| 650 |
_a Civil Engineering-Standards _98859 |
||
| 650 | _a Standards | ||
| 650 | _aNASA Thesaurus | ||
| 942 | _cBK | ||
| 999 |
_c4955 _d4955 |
||